| 000 | 01195cam a2200349 a 4500 | ||
|---|---|---|---|
| 999 |
_c3803 _d3803 |
||
| 001 | .b18935898 | ||
| 003 | OSt | ||
| 005 | 20241030093315.0 | ||
| 008 | 090515r20082000enka 000 0 eng d | ||
| 010 | _a2009290947 | ||
| 015 |
_aGBA874464 _2bnb |
||
| 020 | _a9780194234122 (pbk.) | ||
| 035 | _a(OCoLC)ocn231882063 | ||
| 040 |
_aUKM _cUKM _dYDXCP _dOCLCG _dDLC _dTWFJU _dKH8 |
||
| 042 | _anbic | ||
| 082 | 0 | _a428.64 BUR | |
| 100 | 1 |
_aBurrows, Phillip, _eauthor. |
|
| 245 | 1 | 0 |
_aEscape / _cPhillip Burrows and Mark Foster. |
| 260 |
_aOxford ; _aNew York : _bOxford University Press, _cc2008. |
||
| 300 |
_a40 p. : _bcol. ill. ; _c20 cm. |
||
| 490 | 1 | _aOxford bookworms library. Thriller & adventure. Starter. | |
| 500 | _a"First published in Oxford Bookworms 2000."--T.p. verso. | ||
| 650 | 0 | _aReaders. | |
| 650 | 0 |
_aEnglish language _vTextbooks for foreign speakers. |
|
| 650 | 0 | _aHigh interest-low vocabulary books. | |
| 650 | 0 |
_aReading comprehension _vProblems, exercises, etc. |
|
| 650 | 0 |
_aPrisoners _vFiction. |
|
| 650 | 0 |
_aEscape _vFiction. |
|
| 700 | 1 |
_aFoster, Mark, _d1961- _eauthor. |
|
| 830 | 0 |
_aOxford bookworms library. _pThriller & adventure. _pStarter. |
|
| 942 |
_2ddc _cTR |
||